VÚB vďaka masívnej pomoci štátu opúšťa červené čísla
Zmena v hospodárení Všeobecnej úverovej banky (VÚB), a.s. Bratislava na začiatku roku 2000 - výrazná pomoc štátu. Príprava VÚB na vstup strategického investora. Kapitálová primeranosť dosiahla 9 percent. Úvery a vklady klientov VÚB. Hypotekárne úvery.
Guardado en:
| Autor principal: | |
|---|---|
| Formato: | Capítulo de libro |
| Lenguaje: | eslovaco |
| Materias: | |
| Etiquetas: |
Sin Etiquetas, Sea el primero en etiquetar este registro!
|
MARC
| LEADER | 00000naa a2200000 4500 | ||
|---|---|---|---|
| 001 | r037869 | ||
| 005 | 20230921105334.3 | ||
| 041 | 0 | |a slo | |
| 044 | |a SK | ||
| 245 | 1 | 0 | |a VÚB vďaka masívnej pomoci štátu opúšťa červené čísla |c Ján Kovalčík |
| 520 | |a Zmena v hospodárení Všeobecnej úverovej banky (VÚB), a.s. Bratislava na začiatku roku 2000 - výrazná pomoc štátu. Príprava VÚB na vstup strategického investora. Kapitálová primeranosť dosiahla 9 percent. Úvery a vklady klientov VÚB. Hypotekárne úvery. | ||
| 610 | 2 | 0 | |a banky |
| 610 | 2 | 0 | |a hospodárenie finančné |
| 610 | 2 | 0 | |a zisk |
| 610 | 2 | 0 | |a primeranosť kapitálová |
| 610 | 2 | 0 | |a vklady |
| 610 | 2 | 0 | |a úver |
| 610 | 2 | 0 | |a úver hypotekárny |
| 610 | 2 | 0 | |a VÚB, a.s. Bratislava |
| 100 | 1 | |a Kovalčík, Ján | |